[Event "DSOL 06 Liga Gr-D 1st"]
[Site "Playchess.com INT"]
[Date "2020.06.26"]
[Round "1.3"]
[White "Resch, Stefan"]
[Black "Beyer, Lorenz"]
[Result "0-1"]
[WhiteElo "1017"]
[BlackElo "1507"]
[PlyCount "62"]
[EventDate "2020.06.22"]
[EventType "team-tourn (rapid)"]
[EventCountry "GER"]
[SourceTitle "EXT 2021"]
[Source "ChessBase"]
[SourceDate "2020.10.23"]
[SourceVersion "1"]
[SourceVersionDate "2020.10.23"]
[SourceQuality "1"]
[WhiteTeam "Windach"]
[BlackTeam "Barnim"]
[WhiteTeamCountry "GER"]
[BlackTeamCountry "GER"]

1. e4 e6 2. Nc3 d5 3. exd5 exd5 4. d4 Be6 5. Nf3 Bd6 6. Be2 Ne7 7. Bg5 h6 8. Bh4 c6 9. Qd3 Qb6 10. Ne5 Nf5 11. Bg3 Qxd4 12. Qxd4 Nxd4 13. Nd3 Bxg3 14. hxg3 Nxc2+ 15. Kd2 Nxa1 16. Rxa1 Nd7 17. a4 0-0 18. Rh1 Rad8 19. Nf4 Nc5 20. f3 Nb3+ 21. Kd1 Bc8 22. Rh5 Nd4 23. Bd3 Ne6 24. Nh3 Nc5 25. Kd2 Nxd3 26. Kxd3 Bxh3 27. Rxh3 Rfe8 28. b4 d4 29. Nd1 Re1 30. Nf2 Re3+ 31. Kc4 Rc3# 0-1